[Event "Ada Open"]
[Site "Belgrade SCG"]
[Date "2005.08.16"]
[Round "2"]
[White "Poleksic,M"]
[Black "Zivkovic,DD"]
[Result "1-0"]
[WhiteElo "2227"]
[BlackElo "2036"]

1.d4 Nf6 2.c4 g6 3.Nc3 d5 4.cxd5 Nxd5 5.e4 Nxc3 6.bxc3 Bg7 7.Bc4 O-O 8.Ne2 c5
9.O-O cxd4 10.cxd4 Nc6 11.Be3 Bg4 12.f3 Na5 13.Bxf7+ Rxf7 14.fxg4 Rxf1+ 15.Kxf1 Qd7
16.g5 Qe6 17.Qd3 Qc4 18.Qd2 Qf7+ 19.Kg1 Nc4 20.Qc3 Rc8 21.Rc1 Nd6 22.Qxc8+ Nxc8
23.Rxc8+ Bf8 24.d5 h6 25.Nd4 Qg7 26.gxh6 Qe5 27.Ne6 Qa1+ 28.Kf2 Qb2+ 29.Kf3 Qf6+
30.Kg4 Qe5 31.Rxf8+ Kh7 32.Ng5+  1-0

[Event "Grundfos Young Masters"]
[Site "Aarhus DEN"]
[Date "2005.08.17"]
[Round "6"]
[White "Kuzubov,Y"]
[Black "Miton,K"]
[Result "1/2-1/2"]
[WhiteElo "2535"]
[BlackElo "2589"]

1.d4 Nf6 2.c4 g6 3.Nc3 d5 4.cxd5 Nxd5 5.e4 Nxc3 6.bxc3 Bg7 7.Nf3 O-O 8.Be2 c5
9.Rb1 Nc6 10.d5 Ne5 11.Nxe5 Bxe5 12.Qd2 e6 13.f4 Bc7 14.O-O exd5 15.exd5 Ba5
16.d6 Bf5 17.Rxb7 Qf6 18.Rd1 Bxc3 19.Bb2 Bxb2 20.Qxb2 Qxb2 21.Rxb2 Rab8 22.Rb5 Rxb5
23.Bxb5 Rb8 24.d7 Rd8 25.Rd6 Kf8 26.a4 a5 27.Rd5 Be6 28.Rxc5 Bxd7 29.Bxd7 Rxd7
30.f5 Kg7 31.fxg6 fxg6 32.Rxa5 Rd1+ 33.Kf2 Ra1 34.Kf3 Ra3+ 35.Kf4 Ra2 36.Ra7+ Kf6
37.Kf3 Ra3+ 38.Kf2  1/2-1/2

[Event "Independence Cup A"]
[Site "Kiev UKR"]
[Date "2005.08.17"]
[Round "6"]
[White "Kruppa,Y"]
[Black "Shishkin,Va UKR"]
[Result "1/2-1/2"]
[WhiteElo "2525"]
[BlackElo "2507"]

1.d4 Nf6 2.c4 g6 3.Nc3 d5 4.cxd5 Nxd5 5.e4 Nxc3 6.bxc3 Bg7 7.Be3 c5 8.Nf3 Qa5
9.Qd2 O-O 10.Rc1 Rd8 11.d5 e6 12.Be2 exd5 13.exd5 Nc6 14.O-O Bg4 15.Bg5 Rd7
16.Rfd1 Bxf3 17.gxf3 Ne7 18.Qb2 a6 19.Bf1 Nxd5 20.Bc4 Qb6 21.Qb1 Qc6 22.Qe4 Nxc3
23.Qxc6 Rxd1+ 24.Rxd1 bxc6 25.Rd6 Re8 26.Bxa6 Ra8 27.Bc4 h6 28.Be3 Nxa2 29.Rxg6 Nb4
30.Bxh6 Kh7 31.Rxg7+ Kxh6 32.Rxf7 Ra1+ 33.Kg2 Rc1 34.Rf4 Nd5 35.Rh4+ Kg5  1/2-1/2

[Event "ch-AUT Qualifier"]
[Site "Gmunden AUT"]
[Date "2005.08.18"]
[Round "6"]
[White "Schneider Zinner,H"]
[Black "Balinov,I"]
[Result "1/2-1/2"]
[WhiteElo "2348"]
[BlackElo "2388"]

1.d4 Nf6 2.c4 g6 3.Nc3 d5 4.cxd5 Nxd5 5.e4 Nxc3 6.bxc3 Bg7 7.Nf3 O-O 8.Be3 c5
9.Qd2 Qa5 10.Rc1 Bg4 11.d5 Na6 12.Bxa6 Qxa6 13.c4 b5 14.O-O bxc4 15.Qe2 Bd7
16.Bxc5 Bb5 17.Qe3 Qxa2 18.Bxe7 Rfe8 19.d6 Qb3 20.Qc5 Bd7 21.Rb1 Rec8 22.Qg5 Qa4
23.Bf6 c3 24.Bxg7 Kxg7 25.Ne5 f6 26.Qf4 fxe5 27.Qxe5+ Kg8 28.Qd5+ Kg7 29.Qe5+ Kg8
30.Qd5+ Kf8 31.Qe5 Re8 32.Qh8+ Kf7 33.Qxh7+ Kf6 34.Rb7 Rad8 35.Qh4+ Kg7 36.Qg3 Qd4
37.Qg4 Qa4 38.Qf3 Rxe4 39.Qxc3+ Qd4 40.Qc6 Qa4 41.Qc7 Ree8 42.Qc3+ Kg8 43.h3 Rc8
44.Qb2 a5 45.Ra1 Qc6 46.Qb3+ Kf8 47.Qb2 Kf7 48.Qb3+ Re6 49.Rxa5 Qc1+ 50.Kh2 Qf4+
51.Qg3 Qxg3+ 52.Kxg3 Rc3+ 53.f3 Rxd6 54.Ra2 Kf6 55.Rb4 Rc5 56.Rab2 Rdd5 57.Rf4+ Rf5
58.Rxf5+ Bxf5 59.Rd2 Kg5 60.Rb2 Kf6 61.Rd2 Ke5 62.Re2+ Kf6 63.Rd2 Rc4 64.Re2 Bd3
65.Re3 Rd4 66.Re1 Rb4 67.Rd1 Rb3 68.Kf4 Be2 69.Rd6+ Kf7 70.Rd2 Bf1 71.Rf2 Rb1
72.Ra2 Kf6 73.Rc2 Rb4+ 74.Kg3 Bd3 75.Rc3 Rd4 76.Rb3 Ke5 77.Ra3 Rd5 78.Ra4 Bc2
79.Rb4 Rd2 80.Rb5+ Kd4 81.h4 Bd3 82.Rg5 Ra2 83.Kh2 Ke3 84.h5 gxh5 85.Rxh5 Kf2
86.f4 Ra1 87.Rh3 Be2 88.f5 Ra5 89.f6 Rf5 90.Rh6 Bg4 91.Rh4 Rxf6 92.Rh8 Rf7
93.Rh4 Rf8 94.Rh6 Bd7 95.Rh4 Be6 96.Rh6 Bc8 97.Rh4 Bg4 98.Rh6 Rf7 99.Rh4 Rf4
100.Rh8 Be6 101.Rh6 Bd5 102.Rh8 Bc6 103.Rh6 Be4 104.Rh8 Rg4 105.Rf8+ Ke3
106.g3 Rg7 107.Rf4 Bf3 108.Ra4 Rh7+ 109.Rh4 Ra7 110.Rc4 Kf2 111.Rb4 Ra1 112.Rb2+ Be2
113.Rd2 Ra5 114.Rd4 Rg5 115.Kh3 Rxg3+ 116.Kh4 Rg6 117.Rf4+ Ke3 118.Rf5 Bf3
119.Rg5 Rh6+ 120.Kg3 Rh1 121.Re5+ Be4 122.Rg5 Ra1 123.Rg4 Rf1 124.Rg5 Bf5
125.Kg2 Rf2+ 126.Kg3 Rf3+ 127.Kg2 Rf2+ 128.Kg3 Be4 129.Rg4 Rf3+ 130.Kh4 Rf6
131.Kg3 Rh6 132.Rh4 Ra6 133.Rg4 Kd4 134.Kf4 Rf6+ 135.Kg5 Rf5+ 136.Kg6 Ra5+
137.Kg7 Ke5 138.Rg1 Ra7+ 139.Kh8 Kf6 140.Rg7 Ra8+ 141.Rg8 Ra1 142.Rf8+ Kg6
143.Rg8+ Kh6 144.Rg7 Ra8+ 145.Rg8 Ra1 146.Rg7 Bd5 147.Rg6+ Kh5 148.Rh6+ Kg5
149.Rg6+ Kf5 150.Rg7 Be6 151.Rg2 Ra8+ 152.Kh7 Kf6 153.Rg6+ Ke5 154.Rg1 Bf5+
155.Kh6 Ra7 156.Rg7 Ra6+ 157.Kg5 Ra1 158.Re7+ Be6 159.Rg7 Rh1 160.Rg6 Rh7
161.Rh6 Rg7+ 162.Rg6 Rf7 163.Kh6 Bf5 164.Rg7 Rf6+ 165.Kg5 Re6 166.Rg8 Re7
167.Kh6 Kf4  1/2-1/2

[Event "Ada Open"]
[Site "Belgrade SCG"]
[Date "2005.08.19"]
[Round "5"]
[White "Skare,G"]
[Black "Poleksic,M"]
[Result "1/2-1/2"]
[WhiteElo "2318"]
[BlackElo "2227"]

1.d4 Nf6 2.c4 g6 3.Nc3 d5 4.cxd5 Nxd5 5.e4 Nxc3 6.bxc3 Bg7 7.Be3 c5 8.Qd2 Qa5
9.Rc1 O-O 10.Nf3 Rd8 11.d5 Nc6 12.Bd3 Ne5 13.Nxe5 Bxe5 14.f4 Bg7 15.c4 Qxd2+
16.Kxd2 b6 17.a4 e6 18.Ke2 Bb7 19.Rhd1 f5 20.exf5 exd5 21.cxd5 Bxd5 22.fxg6 Bxg2
23.gxh7+ Kh8 24.Bg6 Bf6 25.Rb1 Rxd1 26.Rxd1 Rd8 27.Rg1 Bd5 28.a5 Bc4+ 29.Kf3 Rd6
30.Bf5 Be6 31.Bc2 Bd5+ 32.Kf2 Bh4+ 33.Ke2 Bc4+ 34.Kf3 Bd5+ 35.Ke2 Bc4+ 36.Kf3  1/2-1/2

[Event "Independence Cup A"]
[Site "Kiev UKR"]
[Date "2005.08.19"]
[Round "8"]
[White "Grinev,V"]
[Black "Brozhik,V"]
[Result "1-0"]
[WhiteElo "2241"]
[BlackElo "2149"]

1.d4 Nf6 2.c4 g6 3.Nc3 d5 4.cxd5 Nxd5 5.e4 Nxc3 6.bxc3 Bg7 7.Bc4 O-O 8.Ne2 c5
9.O-O Nc6 10.Be3 Qc7 11.Rc1 Rd8 12.Qa4 b6 13.Bf4 e5 14.Bg5 Ne7 15.dxc5 Bg4
16.cxb6 axb6 17.Qb3 Nc6 18.Bxd8 Rxd8 19.Bb5 Be6 20.Qb2 Na5 21.Rfd1 Rc8 22.Qd2 Bf8
23.Ng3 Be7 24.Nf1 Ba3 25.Rc2 Bg4 26.Rb1 Kg7 27.Ne3 Rd8 28.Nd5 Qd6 29.h3 Be6
30.c4 Bc5 31.Rd1 h6 32.Qc3 Rc8 33.Rcd2 Qb8 34.Nf4 Bxc4 35.Bxc4 Nxc4 36.Rd7 Kg8
37.Nd5 b5 38.Qf3 Rf8 39.Qf6 Qa8 40.Rc7 Qa4 41.Rd3 Qc2 42.Rg3 Qxe4 43.Rxc5 Nd2
44.Ne7+ Kh7 45.Rc1  1-0

[Event "Rudenko mem"]
[Site "St Petersburg RUS"]
[Date "2005.08.22"]
[Round "3"]
[White "Deriabina,S"]
[Black "Petrenko,S"]
[Result "0-1"]
[WhiteElo "2096"]
[BlackElo "2307"]

1.d4 Nf6 2.c4 g6 3.Nc3 d5 4.cxd5 Nxd5 5.e4 Nxc3 6.bxc3 Bg7 7.Bc4 O-O 8.Ne2 c5
9.O-O Nc6 10.Be3 Na5 11.Bd3 c4 12.Bc2 b6 13.Qd2 e5 14.d5 Nb7 15.f4 f6 16.Ng3 Nd6
17.Rf2 Bd7 18.Raf1 Qc7 19.h4 Bg4 20.Ba4 b5 21.fxe5 fxe5 22.Bd1 Rxf2 23.Rxf2 Qd7
24.Bc5 Nb7 25.Be3 a5 26.h5 b4 27.cxb4 c3 28.Qd3 Bxd1 29.Qxd1 axb4 30.d6 Qe6
31.d7 Rd8 32.Qa4 Bf8 33.Bg5 Be7 34.Bxe7 Qxe7 35.hxg6 hxg6 36.Qb3+ Kg7 37.Nf5+ gxf5
38.exf5 Qxd7 39.f6+ Kh6 40.Qxb4 Qd1+ 41.Kh2 Qh5+ 42.Kg1 Rd1+ 43.Rf1 Rxf1+
44.Kxf1 Qd1+ 45.Kf2 Qd4+ 46.Qxd4 exd4  0-1

[Event "V Open"]
[Site "Vila de Marin ESP"]
[Date "2005.08.23"]
[Round "3"]
[White "Sanchez Juncal,B"]
[Black "Fernandez Rey,J"]
[Result "1-0"]
[WhiteElo "2221"]
[BlackElo "1933"]

1.d4 Nf6 2.c4 g6 3.Nc3 d5 4.cxd5 Nxd5 5.e4 Nxc3 6.bxc3 Bg7 7.Qa4+ Bd7 8.Qa3 O-O
9.Nf3 Bg4 10.Be2 e5 11.Bg5 Qc8 12.Rd1 Nc6 13.d5 Nd8 14.h3 Bd7 15.O-O f5 16.c4 h6
17.Be7 Rf7 18.Nh4 Kh7 19.exf5 g5 20.f6 Bxf6 21.Bxf6 Rxf6 22.Bd3+ Kg7 23.Nf3 Bxh3
24.Nxe5 Bf5 25.Rfe1 Nf7 26.Nf3 Bh3 27.Nd4 Qg4 28.Be4 Re8 29.Ne6+ Kg8 30.Qxh3  1-0

[Event "2nd Open Fincas Mediterranea"]
[Site "Castelldefels ESP"]
[Date "2005.08.24"]
[Round "8"]
[White "Panelo,M"]
[Black "Crickmore,N"]
[Result "0-1"]
[WhiteElo "2404"]
[BlackElo "2129"]

1.d4 Nf6 2.c4 g6 3.Nc3 d5 4.cxd5 Nxd5 5.e4 Nxc3 6.bxc3 Bg7 7.Bc4 O-O 8.Ne2 c5
9.O-O Nc6 10.Be3 Bg4 11.f3 Na5 12.Bd3 cxd4 13.cxd4 Be6 14.d5 Bxa1 15.Qxa1 f6
16.Bh6 Re8 17.Kh1 Rc8 18.Nf4 Bd7 19.e5 Nc4 20.e6 Ba4 21.Nxg6 hxg6 22.Bxg6 Kh8
23.Qe1 Rg8 24.Be4 Be8 25.Qh4 Rg6 26.Qh5 Ne5 27.Bf4+ Kg8 28.Bxg6 Bxg6 29.Qh6 Qxd5
30.Bxe5 Qd3 31.Re1 fxe5 32.Qg5 Rc7 33.Qxe5 Qc3 34.Qg3 Kg7 35.h3 Rc5 36.Rd1 Qe5
37.Qh4 Qf6 38.Qb4 b6 39.Re1 Qc3 40.Qh4 Qf6 41.Qg3 Rc2 42.a3 a5 43.a4 Rc4
44.Rd1 Rxa4 45.Rd7 Qxe6 46.Rb7 Ra1+ 47.Kh2 Re1 48.Qh4 Qd6+ 49.f4 Re4 50.Kg3 Re3+
51.Kh2 Re4 52.Kh1 Qd1+ 53.Kh2 Qd6 54.Qg3 Qxf4 55.Qxf4 Rxf4 56.Rxb6 a4 57.Ra6 Bc2
58.Ra7 Kf6 59.Kg3 Rb4 60.Rc7 Bg6 61.Rc6+ e6 62.Ra6 Rb3+ 63.Kf4 a3 64.g4 Rxh3
65.g5+ Ke7 66.Ke5 Re3+ 67.Kd4 Re4+ 68.Kc5 Re5+ 69.Kc6 Rxg5 70.Rxa3 Kf6 71.Re3 Bf5
72.Kd6 Rg1 73.Ra3 Rd1+ 74.Kc5 e5 75.Rg3 e4 76.Kc4 Ke5  0-1

[Event "41st Rubinstein Mem Open A"]
[Site "Polanica Zdroj POL"]
[Date "2005.08.24"]
[Round "6"]
[White "Luch,M"]
[Black "Jaracz,B"]
[Result "1-0"]
[WhiteElo "2414"]
[BlackElo "2251"]

1.d4 Nf6 2.c4 g6 3.Nc3 d5 4.cxd5 Nxd5 5.e4 Nxc3 6.bxc3 Bg7 7.Nf3 c5 8.Rb1 O-O
9.Be2 Nc6 10.d5 Ne5 11.Nxe5 Bxe5 12.Qd2 e6 13.f4 Bc7 14.O-O exd5 15.exd5 Ba5
16.d6 Rb8 17.Ba3 b6 18.Bb4 Bf5 19.Rbc1 Qd7 20.Bxa5 bxa5 21.c4 Rfd8 22.Rcd1 a4
23.Bf3 Rb6 24.Qa5 Bg4 25.Qxc5 Bxf3 26.Rxf3 Rxd6 27.Rxd6 Qxd6 28.Qxd6 Rxd6
29.Rc3 Kf8 30.c5 Rd1+ 31.Kf2 Ke7 32.Ke3 Re1+ 33.Kd3 Kd7 34.Rc4 Rd1+ 35.Ke3 Kc6
36.Rxa4 Rd7 37.Ra5 f5 38.h3 Kd5 39.Kf3 Rc7 40.Kg3 Ke4 41.c6 Rxc6 42.Ra4+ Ke3
43.Rxa7 Rc2 44.Rxh7 Rxa2 45.Re7+ Kd4 46.Re6 Ra3+ 47.Kh4 Kd5 48.Rxg6 Ke4 49.g3 Ra8
50.Kg5 Ra3 51.g4 Ra5 52.Re6+  1-0

[Event "Operation Capablanca"]
[Site "Vienna AUT"]
[Date "2005.08.24"]
[Round "1"]
[White "Braun,A"]
[Black "Balinov,I"]
[Result "1-0"]
[WhiteElo "2475"]
[BlackElo "2388"]

1.d4 Nf6 2.c4 g6 3.Nc3 d5 4.cxd5 Nxd5 5.e4 Nxc3 6.bxc3 Bg7 7.Nf3 O-O 8.Be2 c5
9.O-O b6 10.Bg5 Bb7 11.Qc2 cxd4 12.cxd4 Qc8 13.Qd3 Qg4 14.e5 Ba6 15.Qe3 Bxe2
16.Qxe2 Nc6 17.Qe3 Rfd8 18.Rad1 Rd5 19.Qb3 Rad8 20.Be3 Na5 21.Qa4 Qd7 22.Qxd7 R5xd7
23.Rc1 f6 24.Rfe1 Rd5 25.e6 R5d6 26.Bd2 Rc6 27.Bxa5 Rxc1 28.Rxc1 bxa5 29.Rc7 f5
30.g3 Bf6 31.Rxa7 Rd6 32.Rxa5 Rxe6 33.Kf1 Rb6 34.Ke2 Rb2+ 35.Ke3 Kf7 36.h4 h6
37.Ra6 g5 38.h5 f4+ 39.gxf4 gxf4+ 40.Kxf4 Rxf2 41.Ke3 Rb2 42.a4 Ra2 43.a5 Bg5+
44.Ke4 Re2+ 45.Kd5 e6+ 46.Kd6 Kf6 47.Kd7 Kf5 48.Rc6 Bf4 49.a6 Re3 50.Ne5 Re4
51.Rc4  1-0

[Event "2nd Dato' Arthur Tan Malaysian Open"]
[Site "Kuala Lumpur MAS"]
[Date "2005.08.25"]
[Round "10"]
[White "Chan Tze Wei"]
[Black "Aw Wai Onn"]
[Result "1-0"]
[WhiteElo "2039"]
[BlackElo "1920"]

1.d4 g6 2.c4 Nf6 3.Nc3 d5 4.cxd5 Nxd5 5.e4 Nxc3 6.bxc3 Bg7 7.Bc4 c5 8.Nf3 O-O
9.O-O Nc6 10.Be3 Bg4 11.e5 Na5 12.Be2 cxd4 13.cxd4 Be6 14.Ng5 Bd5 15.Bf3 e6
16.Ne4 Nc4 17.Bg5 Qa5 18.Nf6+ Bxf6 19.Bxf6 Qd2 20.Bxd5 Qxd1 21.Rfxd1 exd5
22.Rab1 Nb6 23.h3 Rfc8 24.Rdc1 Rxc1+ 25.Rxc1 Rc8 26.Rxc8+ Nxc8 27.f4 Kf8
28.Kf2 Ke8 29.g4 Kd7 30.f5 gxf5 31.gxf5 Ne7 32.Bxe7 Kxe7 33.Ke2 b5 34.a4 bxa4
35.Kd2 Kf8 36.f6  1-0

[Event "41st Rubinstein Mem Open A"]
[Site "Polanica Zdroj POL"]
[Date "2005.08.27"]
[Round "9"]
[White "Stysiak,S"]
[Black "Przezdziecka,M"]
[Result "1/2-1/2"]
[WhiteElo "2198"]
[BlackElo "2148"]

1.d4 Nf6 2.c4 g6 3.Nc3 d5 4.cxd5 Nxd5 5.e4 Nxc3 6.bxc3 Bg7 7.Bc4 O-O 8.Ne2 c5
9.O-O Nc6 10.Be3 cxd4 11.cxd4 Bg4 12.f3 Na5 13.Bxf7+ Rxf7 14.fxg4 Rxf1+ 15.Kxf1 e5
16.d5 Nc4 17.Qd3 b5 18.Kg1 Qa5 19.Bf2 Rc8 20.g5 Qa6 21.h4 Nd6 22.Rc1 Rxc1+
23.Nxc1 Qa4 24.Bc5 Nxe4 25.d6 Nxc5 26.Qd5+ Kf8 27.Nb3 Qe4 28.Qxc5 Qe1+ 29.Kh2 Qxh4+
30.Kg1 Qe1+  1/2-1/2

[Event "Nordic Championships"]
[Site "Vammala FIN"]
[Date "2005.08.28"]
[Round "5"]
[White "Hardarson,R"]
[Black "Thorfinnsson,Br"]
[Result "1/2-1/2"]
[WhiteElo "2361"]
[BlackElo "2448"]

1.d4 Nf6 2.c4 g6 3.Nc3 d5 4.cxd5 Nxd5 5.e4 Nxc3 6.bxc3 Bg7 7.Nf3 c5 8.Bb5+ Bd7
9.Bxd7+ Nxd7 10.O-O O-O 11.Be3 Nf6 12.Nd2  1/2-1/2

[Event "TCh-POL Ekstraliga"]
[Site "Lubniewice POL"]
[Date "2005.09.09"]
[Round "7"]
[White "Gajewski,G"]
[Black "Macieja,B"]
[Result "1/2-1/2"]
[WhiteElo "2396"]
[BlackElo "2593"]

1.d4 Nf6 2.c4 g6 3.Nc3 d5 4.cxd5 Nxd5 5.e4 Nxc3 6.bxc3 Bg7 7.Nf3 c5 8.Rb1 O-O
9.Be2 cxd4 10.cxd4 Qa5+ 11.Bd2 Qxa2 12.O-O Bg4 13.Rxb7 Bxf3 14.Bxf3 Bxd4
15.Bb4 Nc6 16.Bxe7 Rfe8 17.Bg5 Qa6 18.Rd7 Bg7 19.Be2 Qc8 20.Qd6 Ne5 21.Rc7 Bf8
22.Rxc8 Bxd6 23.Rxe8+ Rxe8 24.Be3 a5 25.Rd1 Bb4  1/2-1/2

[Event "EYb18"]
[Site "Herceg Novi SCG"]
[Date "2005.09.14"]
[Round "1"]
[White "Erdos,V"]
[Black "Movsisian,V"]
[Result "1/2-1/2"]
[WhiteElo "2499"]
[BlackElo "2233"]

1.d4 Nf6 2.c4 g6 3.Nc3 d5 4.cxd5 Nxd5 5.e4 Nxc3 6.bxc3 Bg7 7.Qa4+ Bd7 8.Qa3 h6
9.Be3 O-O 10.Nf3 b6 11.Bd3 Nc6 12.Qc1 Kh7 13.e5 Bg4 14.Be4 Qd7 15.Nh4 e6
16.f4 Rad8 17.h3 Bf5 18.Nxf5 exf5 19.Bf3 Ne7 20.O-O f6 21.Re1 fxe5 22.fxe5 g5
23.Qd1 Qe6 24.Qe2 c6 25.a4 Rd7 26.Bf2 Ng6 27.Qa2 Qe7 28.Qa3 Qe6 29.Qa2 Qe7
30.Rad1 Rc7 31.c4 Qb4 32.e6 Nf4 33.d5 cxd5 34.cxd5 Qd6 35.Qb1 h5 36.e7 Rxe7
37.Rxe7 Qxe7 38.d6 Qe6 39.a5 bxa5 40.Bxa7 a4 41.Be4 a3 42.d7 a2 43.Qb6 Qxb6+
44.Bxb6 a1=Q 45.Rxa1 Bxa1 46.d8=Q Rxd8 47.Bxd8 Kg6 48.Bc6 Bf6 49.Bc7 Bd4+
50.Kf1 Ne6 51.Bd6 Kf6 52.Bd5 h4 53.Bb4 Ke5 54.Bc4 Kf6  1/2-1/2

[Event "EYb16"]
[Site "Herceg Novi SCG"]
[Date "2005.09.15"]
[Round "2"]
[White "Vernay,C"]
[Black "Margvelashvili,G"]
[Result "0-1"]
[WhiteElo "2238"]
[BlackElo "2353"]

1.d4 Nf6 2.c4 g6 3.Nc3 d5 4.cxd5 Nxd5 5.e4 Nxc3 6.bxc3 Bg7 7.Nf3 c5 8.Rb1 O-O
9.Be2 Nc6 10.d5 Bxc3+ 11.Bd2 Bxd2+ 12.Qxd2 Na5 13.h4 Bg4 14.h5 Bxf3 15.gxf3 e5
16.f4 exf4 17.Qxf4 Qe7 18.Rc1 Rae8 19.Rh4 g5 20.Rg4 f6 21.Bb5 Rd8 22.Qf5 Kh8
23.Qe6 Qc7 24.f4 Nc6 25.Bxc6 bxc6 26.Qxc6 Qa5+ 27.Kd1 Qa3 28.Rg2 Qd3+ 29.Rd2 Qxe4
30.h6 gxf4 31.Rxc5 f3 32.d6 Qg4 33.Qb5 f2+ 34.Kc1 Rxd6 35.Rf5 Rc8+  0-1

[Event "ProMoPro Open"]
[Site "Prague CZE"]
[Date "2005.09.15"]
[Round "1"]
[White "Trnka,J"]
[Black "Kuba,J"]
[Result "0-1"]
[WhiteElo "1939"]
[BlackElo "2206"]

1.d4 Nf6 2.c4 g6 3.Nc3 d5 4.cxd5 Nxd5 5.e4 Nxc3 6.bxc3 Bg7 7.Bc4 O-O 8.Ne2 c5
9.O-O Qc7 10.Qc2 cxd4 11.cxd4 Be6 12.Bb3 Qxc2 13.Bxc2 Bc4 14.Bd1 Nc6 15.Be3 Bxe2
16.Bxe2 Nxd4 17.Bxd4 Bxd4 18.Rac1 Rac8 19.Rfd1 Rxc1 20.Rxc1 Bb6 21.Bg4 e6
22.Kf1 Rd8 23.Ke2 Rd4 24.Bf3 Rb4 25.Rc2 Kg7 26.g3 Bd4 27.Bg2 e5 28.Kf3 Rb1
29.Ke2 b5 30.Bf3 a5 31.Bg4 a4 32.Bd7 a3 33.Bc6 b4 34.Bd5 Rb2 35.Bb3 Rxb3  0-1

[Event "EYb18"]
[Site "Herceg Novi SCG"]
[Date "2005.09.16"]
[Round "3"]
[White "Stubberud,O"]
[Black "Miron,L"]
[Result "1-0"]
[WhiteElo "2095"]
[BlackElo "2275"]

1.c4 Nf6 2.Nc3 d5 3.cxd5 Nxd5 4.d4 g6 5.e4 Nxc3 6.bxc3 Bg7 7.Bc4 O-O 8.Ne2 c5
9.O-O Nc6 10.Be3 Bg4 11.f3 cxd4 12.cxd4 Na5 13.Bb3 Bd7 14.Rb1 Kh8 15.Qd2 Bb5
16.Rfd1 Rc8 17.d5 Ba6 18.Kh1 b6 19.Nd4 Qd7 20.Qb4 Nc4 21.Bf2 Ne5 22.Qa3 Qb7
23.Nc6 Be2 24.Rd2 Ba6 25.Nxe7 Rc3 26.Bd4 Nc4 27.Nxg6+ Kg8 28.Ne7+ Kh8 29.Bxg7+ Kxg7
30.Qb4 Rxb3 31.axb3 Nxd2 32.Nf5+ Kg8 33.Qxd2 f6 34.d6 Rd8 35.Rc1  1-0

[Event "ProMoPro Open"]
[Site "Prague CZE"]
[Date "2005.09.20"]
[Round "6"]
[White "Urbanek,S"]
[Black "Palas,A"]
[Result "0-1"]
[WhiteElo "2110"]
[BlackElo "2041"]

1.d4 Nf6 2.c4 g6 3.Nc3 d5 4.cxd5 Nxd5 5.e4 Nxc3 6.bxc3 Bg7 7.Bc4 c5 8.Ne2 Nc6
9.Be3 O-O 10.O-O Na5 11.Bd3 cxd4 12.cxd4 b6 13.Rc1 e6 14.Qd2 Bb7 15.Bh6 Qe7
16.h4 Rac8 17.h5 Bxh6 18.Qxh6 Rxc1 19.Rxc1 Rc8 20.Rxc8+ Bxc8 21.Qc1 Bb7 22.Qf4 Nc6
23.d5 exd5 24.exd5 Ne5 25.Be4 Qd6 26.h6 f5 27.Bxf5 Qxd5 28.Bh3 Qd6 29.Nd4 Nf3+  0-1

[Event "Geller mem Open A"]
[Site "Odessa UKR"]
[Date "2005.09.22"]
[Round "8"]
[White "Tishin,D"]
[Black "Kovalev,De"]
[Result "1/2-1/2"]
[WhiteElo "2334"]
[BlackElo "2373"]

1.d4 Nf6 2.c4 g6 3.Nc3 d5 4.cxd5 Nxd5 5.e4 Nxc3 6.bxc3 Bg7 7.Nf3 c5 8.Be3 O-O
9.Be2 b6 10.Rc1 cxd4 11.cxd4 e6 12.O-O Bb7 13.Qc2 Nd7 14.Nd2 Rc8 15.Qa4 a6
16.Qb3 Rxc1 17.Rxc1 Qb8 18.a4 Rc8 19.Rxc8+ Qxc8 20.f3 Bc6 21.Kf2 Qb7 22.g3 b5
23.axb5 axb5 24.d5 exd5 25.exd5 Bxd5 26.Qxb5 Qxb5 27.Bxb5 Ne5 28.Be2  1/2-1/2

[Event "Autumn 4"]
[Site "Alushta UKR"]
[Date "2005.09.27"]
[Round "4"]
[White "Shtyrenkov,V"]
[Black "Zinchenko,Ya"]
[Result "0-1"]
[WhiteElo "2459"]
[BlackElo "2493"]

1.d4 Nf6 2.c4 g6 3.Nc3 d5 4.cxd5 Nxd5 5.e4 Nxc3 6.bxc3 Bg7 7.Bb5+ c6 8.Ba4 O-O
9.Ne2 c5 10.O-O Nc6 11.Be3 Na5 12.Rb1 Nc4 13.Bg5 h6 14.Bh4 a6 15.Bb3 Na3
16.Rc1 c4 17.Bc2 b5 18.Bg3 Qa5 19.Qd2 Bb7 20.Qe3 Nxc2 21.Rxc2 Rad8 22.Rd2 Qa3
23.Rb1 Kh7 24.e5 Bc8 25.d5 Bf5 26.Rbd1 Rd7 27.h3 Rfd8 28.Bh2 Bd3 29.Nf4 Qxc3
30.e6 fxe6 31.Nxe6 Rc8 32.Nxg7 Qxg7 33.Qe6 Rcd8 34.Re1 Qf6 35.Be5 Qxe6 36.dxe6 Rb7
37.a3 a5  0-1

[Event "Wch-Seniors"]
[Site "Lignano Sabbiadoro ITA"]
[Date "2005.09.28"]
[Round "1"]
[White "Dinser,H"]
[Black "Kristiansen,E"]
[Result "1/2-1/2"]
[WhiteElo "1997"]
[BlackElo "2266"]

1.d4 Nf6 2.c4 g6 3.Nc3 d5 4.cxd5 Nxd5 5.e4 Nxc3 6.bxc3 Bg7 7.Bc4 c5 8.Nf3 O-O
9.Be3 Nc6 10.Rc1 cxd4 11.Nxd4 Na5 12.Bb3 b6 13.Bd5 Rb8 14.O-O Ba6 15.Re1 Rc8
16.a4 e6 17.Nxe6 fxe6 18.Bxe6+ Kh8 19.Bxc8 Qxc8 20.Bd4 Bc4 21.Bxg7+ Kxg7
22.Qd4+ Kg8 23.Rcd1 Qc6 24.Qd2 Qf6 25.f3  1/2-1/2

[Event "Autumn 4"]
[Site "Alushta UKR"]
[Date "2005.09.30"]
[Round "8"]
[White "Obukhov,A"]
[Black "Zinchenko,Ya"]
[Result "1/2-1/2"]
[WhiteElo "2522"]
[BlackElo "2493"]

1.d4 Nf6 2.c4 g6 3.Nc3 d5 4.cxd5 Nxd5 5.e4 Nxc3 6.bxc3 Bg7 7.Bc4 c5 8.Ne2 O-O
9.O-O Nc6 10.Be3 Qc7 11.Rc1 Rd8 12.Qd2 b6 13.Bh6 e6 14.Bxg7  1/2-1/2

[Event "FSIMA October"]
[Site "Budapest HUN"]
[Date "2005.10.01"]
[Round "1"]
[White "Eperjesi,L"]
[Black "Keschitz,G"]
[Result "1/2-1/2"]
[WhiteElo "2252"]
[BlackElo "2257"]

1.d4 Nf6 2.c4 g6 3.Nc3 d5 4.cxd5 Nxd5 5.e4 Nxc3 6.bxc3 Bg7 7.Bg5 c5 8.Rc1 Qa5
9.Qd2 h6 10.Be3 cxd4 11.cxd4 Qxd2+ 12.Bxd2 O-O 13.Nf3 e6 14.Rc7 Nc6 15.Bb5 Nxd4
16.Nxd4 Bxd4 17.Bxh6 Rd8 18.Bg5 f6 19.Bh6 a6 20.Bc4 b5 21.Bb3 a5 22.Ke2 a4
23.Rxc8 Rdxc8 24.Bxe6+ Kh7 25.Bxc8 Kxh6 26.Be6 b4 27.f4 b3 28.Kd3 Bb2 29.axb3 a3
30.Kc2 Bd4 31.Kd3 Bb2 32.Kc2 Bd4  1/2-1/2

[Event "Open A"]
[Site "Hamburg GER"]
[Date "2005.10.01"]
[Round "1"]
[White "Degtiarev,E"]
[Black "Kemeny,M"]
[Result "1-0"]
[WhiteElo "2372"]
[BlackElo "2041"]

1.d4 Nf6 2.c4 g6 3.Nc3 d5 4.cxd5 Nxd5 5.e4 Nxc3 6.bxc3 Bg7 7.Bc4 c5 8.Ne2 O-O
9.O-O Nc6 10.Be3 cxd4 11.cxd4 Bg4 12.f3 Na5 13.Bd3 Be6 14.d5 Bxa1 15.Qxa1 Bd7
16.Bh6 f6 17.Bxf8 Kxf8 18.Rb1 Qc7 19.Qd4 b6 20.f4 Qc5 21.Qxc5 bxc5 22.Nc3 c4
23.Be2 Rc8 24.Kf2 Rc7 25.Rb4 e6 26.Ke3 exd5 27.exd5 Nb7 28.Rxc4 Rxc4 29.Bxc4 Nd6
30.Bd3 Ke7 31.Kd4 Nb7 32.a4 Be8 33.Bb5 Bf7 34.Bc6 Nd6 35.Kc5 g5 36.fxg5 fxg5
37.Nb5 Nxb5 38.Kxb5 Kd6 39.Ka6 h5 40.Kxa7 Kc7 41.Ka6 h4 42.Kb5 Bg6 43.Kc5 Bd3
44.a5 Bf1 45.d6+ Kd8 46.Kb6  1-0

[Event "2nd Highlands Open A"]
[Site "Havlickuv Brod CZE"]
[Date "2005.10.01"]
[Round "8"]
[White "Haba,Z"]
[Black "Novotny,M1"]
[Result "1-0"]
[WhiteElo "2277"]
[BlackElo "2213"]

1.d4 Nf6 2.c4 g6 3.Nc3 d5 4.cxd5 Nxd5 5.e4 Nxc3 6.bxc3 Bg7 7.Nf3 c5 8.Rb1 O-O
9.Be2 b6 10.Be3 Bb7 11.e5 cxd4 12.cxd4 Nc6 13.h4 Qe8 14.h5 Rd8 15.hxg6 Nxe5
16.Nxe5 Bxe5 17.Bb5  1-0

[Event "Lichtenrader Autumn"]
[Site "Berlin GER"]
[Date "2005.10.02"]
[Round "2"]
[White "Salzberg,G"]
[Black "Figura,A"]
[Result "0-1"]
[WhiteElo "2106"]
[BlackElo "2342"]

1.d4 Nf6 2.c4 g6 3.Nc3 d5 4.cxd5 Nxd5 5.e4 Nxc3 6.bxc3 Bg7 7.Bc4 c5 8.Be3 Nc6
9.Ne2 O-O 10.O-O Bg4 11.f3 Bd7 12.Qd2 Rc8 13.Rac1 Qc7 14.Rfd1 Rfd8 15.Qe1 Qa5
16.Qf2 Qa3 17.Nf4 Na5 18.Bf1 cxd4 19.cxd4 Rxc1 20.Bxc1 Qa4 21.Be2 Qxa2 22.Nd5 Ba4
23.Rf1 Nc6 24.Be3 Qb2 25.Bc4 Qxf2+ 26.Kxf2 e6 27.Nc3 Rxd4 28.Be2 Rb4 29.Nxa4 Rxa4
30.Rb1 Rb4 31.Rxb4 Nxb4 32.Bxa7 Nc6 33.Bc5 Bd4+ 34.Bxd4 Nxd4 35.Bd1 e5 36.Ke3 Kf8
37.Kd3 Ke7 38.Kc4 Kd6 39.Kb4 b5 40.g3 g5 41.h3 Kc6  0-1

[Event "FSIMA October"]
[Site "Budapest HUN"]
[Date "2005.10.02"]
[Round "2"]
[White "Varga,Cs2"]
[Black "Bednay,B"]
[Result "1-0"]
[WhiteElo "2279"]
[BlackElo "2250"]

1.d4 Nf6 2.c4 g6 3.Nc3 d5 4.cxd5 Nxd5 5.e4 Nxc3 6.bxc3 Bg7 7.Nf3 c5 8.Rb1 Nc6
9.d5 Ne5 10.Nxe5 Bxe5 11.Qd2 O-O 12.f4 Bg7 13.Be2 e6 14.c4 exd5 15.cxd5 Qe7
16.e5 Bf5 17.Rb3 a6 18.Bf3 Qd7 19.Rb6 c4 20.O-O Rfc8 21.d6 Rab8 22.Qb4 a5
23.Qxa5 c3 24.Qb4 Bd3 25.Rd1 Ba6 26.Qb3 Bc4 27.Qc2 Ba6 28.Be3 Bb5 29.Rc1 Ba4
30.Qe2 h5 31.Bd5  1-0

[Event "Open A"]
[Site "Hamburg GER"]
[Date "2005.10.02"]
[Round "2"]
[White "Thielsch,N"]
[Black "Cremer,J"]
[Result "0-1"]
[WhiteElo "2347"]
[BlackElo "2128"]

1.d4 Nf6 2.c4 g6 3.Nc3 d5 4.cxd5 Nxd5 5.e4 Nxc3 6.bxc3 Bg7 7.Qa4+ c6 8.Nf3 O-O
9.Ba3 b5 10.Qc2 Na6 11.Be2 c5 12.O-O Qa5 13.Bb2 e6 14.Nd2 Bb7 15.a4 b4 16.Nb3 Qc7
17.cxb4 cxb4 18.Qxc7 Nxc7 19.Rfc1 Rac8 20.Nc5 Ba8 21.Rc4 a5 22.Rac1 Rcd8
23.Nb3 Na6 24.f3 f5 25.R4c2 Nb8 26.Nc5 Rfe8 27.Bc4 Kf7 28.Nxe6 Rxe6 29.Bxe6+ Kxe6
30.d5+ Kf7 31.Rc7+ Nd7 32.Bxg7 Kxg7 33.Ra7 Kf6 34.Rxa5 fxe4 35.fxe4 Ne5 36.Ra6+ Kg5
37.Rb1 Rc8 38.Rb6 Nd3 39.h3 Kf4 40.Re6 Rc2 41.Rf1+ Ke3 42.Ra6 Rc8 43.Rb6 Kxe4
44.d6 Rd8 45.Rf7 Kd5 46.d7 Bc6 47.a5 Ne5 48.Re7 Bxd7 49.Rxh7 Kc5 50.Rh4 Bb5
51.Re4 Nc6 52.Rg4 Nxa5 53.Rbxg6 Bc6 54.Rf4 Rd1+ 55.Kf2 b3 56.Rg5+ Bd5 57.Rf8 b2
58.Rb8 b1=Q 59.Rxb1 Rxb1 60.h4 Rh1  0-1